000
00308nam a2200121Ia 4500
008
220204s9999 xx 000 0 und d
082
_a
631.111:711.14
_b
VIN
100
_a
VINK, A P A
245
0
_a
Landuse in advancing agriculture.
260
_a
New York
_b
Springer
_c
1975
650
_a
Land use
942
_c
BK
999
_c
23760
_d
23760